Wildlife ecology and management

Bibliographic Details
Main Author: Bolen, Eric G.
Other Authors: Robinson, William Laughlin, , 1933-
Format: Book
Published: Upper Saddle River, N.J. : Prentice Hall, , c2003.
Edition:5th ed.
Subjects:

MARC

LEADER 00000cam a2200000 7i4500
001 0000003298
005 20050822.0
020 0 0 |a 013066250X 
090 0 0 |a 639.9   |b BOL 
100 1 0 |a Bolen, Eric G. 
245 1 0 |a Wildlife ecology and management   |c Eric G. Bolen, William L. Robinson. 
250 0 0 |a 5th ed. 
260 0 0 |a Upper Saddle River, N.J. :   |b Prentice Hall, ,   |c c2003. 
300 |a xviii, 634 p. :   |b ill., maps ;   |c 26 cm. 
650 0 0 |a Ecology. 
650 0 0 |a Wildlife management 
700 1 1 |a Robinson, William Laughlin, ,   |d 1933- 
999 |a 0000006250   |b Monograph   |c Open Shelf   |e Default branch